| 000 | 00535nam a2200193 a 4500 | ||
|---|---|---|---|
| 001 | 4961 | ||
| 003 | CO-ViMGA | ||
| 008 | 141112s2004 ck r 000 u spa d | ||
| 040 |
_aCO-ViMGA _bspa _cCO-ViMGA |
||
| 082 | 0 | 4 | _a207 H377r |
| 100 | 1 |
_aHermán, Pedro de la _93147 |
|
| 245 | 1 | 0 |
_aReligión católica / _cHermán Pedro de la , Martinez Jesús |
| 260 |
_aBacelona : _bCasals, _c1996 |
||
| 300 | _a4 v : il | ||
| 490 | _aEso | ||
| 650 | 1 | 4 |
_aMartinez, Jesús _93148 |
| 650 | 1 | 4 |
_aRELIGION - LIBROS DE TEXTO _93149 |
| 942 |
_2ddc _cBK |
||
| 999 |
_c16963 _d16963 |
||